|
|
|
|
| LEADER |
00000cam a2200000 i 4500 |
| 001 |
1/27361 |
| 008 |
060331s1997 gr | ||| |||| ||gre|| |
| 020 |
|
|
|a 9609078109
|
| 035 |
|
|
|l 10083386
|
| 040 |
|
|
|a GR-MY-UA
|b gre
|e aacr
|
| 041 |
0 |
|
|a gre
|
| 082 |
0 |
|
|a 338.4791
|2 (22)
|
| 100 |
1 |
|
|a Λογοθέτης, Μιλτιάδης Ι.
|
| 245 |
1 |
0 |
|a Τουρισμός και βιώσιμη ανάπτυξη /
|c Μιλτιάδης Λογοθέτης
|
| 260 |
|
|
|a [Ρόδος] :
|b [Τέχνη],
|c [1997]
|
| 300 |
|
|
|a 109 σ.;
|c 21 εκ.
|
| 650 |
0 |
0 |
|a Tourism
|z Developing countries.
|
| 852 |
|
|
|a INST
|b RHODES
|e 20060331
|h 338.4791 ΛΟΓ
|p 005400021088
|q 005400021088
|t BK
|y 0
|
| 901 |
|
|
|a BIBL4-2006-1
|
| 909 |
|
|
|a Ρ
|b 123485
|
| 970 |
|
|
|a ΚΟΖΑ
|b ΜΑΡΙΑ
|z 2006/03/31
|